Dieterich Buxtehude, organist in Lübeck /

Bibliographic Details
Main Author: Snyder, Kerala J.
Format: Book
Language:English
Published: New York : London : Schirmer Books ; Collier Macmillan, [1987]
Subjects:

MARC

Tag First Indicator Second Indicator Subfields
LEADER 00000cam a2200000 a 4500
001 in00000010227
005 20151006080023.0
008 870615s1987 nyua b 00110beng
010 |a  87018505  
020 |a 0028730801 
035 |a (OCoLC)16131158 
035 |9 AAA2427AM 
040 |a DLC  |c DLC  |d TXA  |d UtOrBLW 
049 |a TXAM  |c [A11027711] 
050 0 0 |a ML410.B99  |b S6 1987 
082 0 |a 780/.92/4  |a B  |2 19 
100 1 |a Snyder, Kerala J. 
245 1 0 |a Dieterich Buxtehude, organist in Lübeck /  |c Kerala J. Snyder. 
264 1 |a New York :  |b Schirmer Books ;  |a London :  |b Collier Macmillan,  |c [1987] 
264 4 |c ©1987 
300 |a xxiii, 551 pages :  |b illustrations ;  |c 25 cm. 
336 |a text  |b txt  |2 rdacontent 
337 |a unmediated  |b n  |2 rdamedia 
338 |a volume  |b nc  |2 rdacarrier 
504 |a Bibliography: pages 513-539. 
500 |a Includes index. 
600 1 0 |a Buxtehude, Dietrich,  |d 1637-1707. 
650 0 |a Composers  |z Germany  |v Biography. 
999 |a MARS 
999 f f |s 893d59b3-0ece-30e9-a5f7-dd75648b1020  |i 8dc47e64-35db-33d4-a13a-52605c4fdc4a  |t 0 
952 f f |p ric  |a Texas A&M University  |b Rellis Campus  |c Joint Library Facility  |d Remote Storage  |t 0  |e ML410.B99 S6 1987  |h Library of Congress classification  |i unmediated -- volume  |m A14811027711 
998 f f |a ML410.B99 S6 1987  |t 0  |l Remote Storage